书目信息 |
| 题名: |
神经和妇科病等体育疗法
|
|
| 作者: | ||
| 分册: | ||
| 出版信息: | 北京 人民体育出版社 1981 |
|
| 页数: | 209页 | |
| 开本: | 19cm | |
| 丛书名: | ||
| 单 册: | ||
| 中图分类: | R247.3 | |
| 科图分类: | ||
| 主题词: | 中医学:临床医学 | |
| 电子资源: | ||
| ISBN: | ||
| 000 | 00614nam0 2200229 45 | |
| 001 | 0181001137 | |
| 005 | 20060815174513.48 | |
| 010 | @dCNY0.71 | |
| 091 | @a7015.194 | |
| 100 | @a19950517d1981 k y0chiy0121 ea | |
| 101 | 0 | @achi |
| 102 | @aCN@b110000 | |
| 105 | @ay z 000yy | |
| 200 | 10 | @a神经和妇科病等体育疗法@Ashen jing he fu ke bing deng ti yu liao fa |
| 210 | @a北京@c人民体育出版社@d1981 | |
| 215 | @a209页@d19cm | |
| 300 | @a体疗经验汇编之四 | |
| 606 | 0 | @a中医学:临床医学 |
| 690 | @aR247.3 | |
| 801 | 2 | @aCN@bNLC@c20060815 |
| 801 | 0 | @aCN@b上海图书馆@c20040520 |
| 905 | @f1@b217493@dR247.3@e57 | |
| 神经和妇科病等体育疗法.-北京:人民体育出版社,1981 |
| 209页;19cm |
| 体疗经验汇编之四 |
| ISBN :CNY0.71 |
| ● |
| 相关链接 |
|
|
|
|
正题名:神经和妇科病等体育疗法
索取号:R247.3/57
 
预约/预借
| 序号 | 登录号 | 条形码 | 馆藏地/架位号 | 状态 | 备注 |
| 1 | 0217493 | 000711297 | 密集书库/ [索取号:R247.3/57] | 在馆 | |
| 2 | 0458380 | 204583806 | 密集书库/ [索取号:R247.3/57] | 在馆 |